| 000 | 00948nam a22002297a 4500 | ||
|---|---|---|---|
| 999 |
_c1078 _d1078 |
||
| 005 | 20210528103948.0 | ||
| 008 | 210528b ||||| |||| 00| 0 eng d | ||
| 020 | _a9781484780657 | ||
| 020 |
_a9781368051729 _qBoxset |
||
| 040 | _cKH8 | ||
| 082 | _aFIC RIO | ||
| 100 |
_aRiordan, Rick _eauthor |
||
| 245 |
_aThe burning maze / _cRick Riordan. |
||
| 260 |
_aLos Angeles ; New York : _bDisney-Hyperion, _c2019. ©2018. |
||
| 300 |
_a431 pages ; _c20 cm. |
||
| 440 |
_aThe trials of Apollo ; _nBook 3. |
||
| 520 | _aThe Greek god Apollo, cast down to earth as the ungifted human teenager Lester Papadopoulos, and his demigod friends must go through the Labyrinth to find the third emperor--and an Oracle who speaks in word puzzles--somewhere in the American Southwest. | ||
| 650 | _aApollo -- (Deity) -- Juvenile fiction. | ||
| 650 | _aGods, Greek -- Juvenile fiction. | ||
| 650 | _aMythology, Greek -- Juvenile fiction. | ||
| 942 |
_2ddc _cFIC |
||